| 000 | 01351cam a22003854a 4500 | ||
|---|---|---|---|
| 001 | 15607926 | ||
| 003 | OSt | ||
| 005 | 20231205160750.0 | ||
| 008 | 090202r20082006ii b b 001 0 eng | ||
| 010 | _a 2009378255 | ||
| 015 |
_aGBA870392 _2bnb |
||
| 016 | 7 |
_a014626460 _2Uk |
|
| 020 | _a9780195696615 (pbk.) | ||
| 020 | _a0195696611 (pbk.) | ||
| 035 | _a(OCoLC)ocn229463765 | ||
| 040 |
_aUKM _cUKM _dBWX _dDKAGE _dOCLCQ _dDLC |
||
| 042 |
_aukscp _alccopycat |
||
| 043 | _aa-ii--- | ||
| 050 | 0 | 0 |
_aDS461 _b.A87 2008 |
| 082 | 0 | 4 |
_a954.025 _bATH/M |
| 100 |
_aAli, M Athar _92386 |
||
| 245 | 1 | 0 |
_aMughal India : _bstudies in polity, ideas, society, and culture / _cM. Athar Ali. |
| 260 |
_aNew Delhi ; _aOxford : _bOxford University Press, _c2008. |
||
| 300 |
_axviii, 409 p., [2] folded leaves of plates : _bmaps ; _c22 cm. |
||
| 440 | 0 | _aOxford India paperbacks | |
| 500 | _a"With a preface by Irfan Habib"--Cover. | ||
| 500 | _aOriginally published: 2006. | ||
| 504 | _aIncludes bibliographical references and index. | ||
| 651 | 0 |
_aMogul Empire _xCivilization. |
|
| 651 | 0 |
_aMogul Empire _xHistory. |
|
| 651 | 0 |
_aIndia _xHistory _y1000-1765. |
|
| 906 |
_a7 _bcbc _ccopycat _d3 _encip _f20 _gy-gencatlg |
||
| 942 |
_2ddc _cBK _h954.025 _iATH/M _k954.025 _mATH/M |
||
| 999 |
_c43787 _d43787 |
||